[Event "IIFL Wealth  4th Mumbai Junior U-13"]
[Site "Mumbai"]
[Date "2018.12.31"]
[Round "2"]
[White "Ratnapriya K"]
[Black "Gosrani, Naiya"]
[Result "1-0"]
[WhiteElo "1516"]
[BlackElo "1235"]
[Annotator "NA"]
[PlyCount "133"]
[EventDate "2018.12.30"]
[EventType "swiss"]
[EventCountry "IND"]
[SourceTitle "playchess.com"]
[Source "ChessBase"]
[SourceQuality "1"]
[TimeControl "40/5400+30:1800+30"]

1. e4 {[%emt 0:00:00]} e5 {[%emt 0:00:00]} 2. Nf3 {[%emt 0:00:00]} Nc6 {[%emt 0:00:00]} 3. Bb5 {[%emt 0:00:25]} a6 {[%emt 0:00:03]} 4. Ba4 {[%emt 0:00:21]} Nf6 {[%emt 0:00:34]} 5. O-O {[%emt 0:00:14]} Be7 {[%emt 0:00:49]} 6. Re1 {[%emt 0:00:14]} b5 {[%emt 0:00:23]} 7. Bb3 {[%emt 0:00:17]} O-O {[%emt 0:00:26]} 8. a4 {[%emt 0:00:39]} Bb7 {[%emt 0:02:36]} 9. Nc3 {[%emt 0:00:15]} Bc5 {[%emt 0:06:10]} 10. axb5 {[%emt 0:03:31]} axb5 {[%emt 0:01:47]} 11. Rxa8 {[%emt 0:00:37]} Qxa8 {[%emt 0:08:31]} 12. Nxb5 {[%emt 0:01:50]} Bb6 {[%emt 0:02:39]} 13. c3 {[%emt 0:02:51]} d6 {[%emt 0:04:45]} 14. Na3 {[%emt 0:03:03]} Na5 {[%emt 0:01:36]} 15. Bc2 {[%emt 0:00:33]} Bxe4 {[%emt 0:04:05]} 16. Bxe4 {[%emt 0:01:02]} Nxe4 {[%emt 0:00:13]} 17. d4 {[%emt 0:00:44]} exd4 {[%emt 0:04:22]} 18. cxd4 {[%emt 0:01:10]} d5 {[%emt 0:06:06]} 19. Ne5 {[%emt 0:02:34]} Qc8 {[%emt 0:09:29]} 20. b4 {[%emt 0:08:13]} Nb7 {[%emt 0:06:15]} 21. f3 {[%emt 0:02:05]} f6 {[%emt 0:03:04]} 22. Nc6 {[%emt 0:00:57]} Qd7 {[%emt 0:05:53]} 23. b5 {[%emt 0:02:16]} Ned6 {[%emt 0:06:07]} 24. Re7 {[%emt 0:01:49]} Qc8 {[%emt 0:01:58]} 25. Qb3 {[%emt 0:04:41]} Qf5 {[%emt 0:05:13]} 26. Rxc7 {[%emt 0:02:39]} Kh8 {[%emt 0:03:35]} 27. Re7 {[%emt 0:02:43]} Na5 {[%emt 0:01:06]} 28. Nxa5 {[%emt 0:01:46]} Bxa5 {[%emt 0:00:09]} 29. b6 {[%emt 0:02:59]} Nc8 {[%emt 0:02:13]} 30. g4 {[%emt 0:11:38]} Qg6 {[%emt 0:01:11]} 31. b7 {[%emt 0:10:18]} Nxe7 {[%emt 0:00:18]} 32. b8=Q {[%emt 0:00:20]} Rxb8 {[%emt 0:00:05]} 33. Qxb8+ {[%emt 0:00:20]} Ng8 {[%emt 0:00:03]} 34. Qb5 {[%emt 0:00:26]} Bc3 {[%emt 0:01:22]} 35. Be3 {[%emt 0:00:35]} f5 {[%emt 0:01:51]} 36. h3 {[%emt 0:07:08]} fxg4 {[%emt 0:00:05]} 37. hxg4 {[%emt 0:00:36]} Qf6 {[%emt 0:01:05]} 38. Qxd5 {[%emt 0:01:58]} Qa6 {[%emt 0:01:30]} 39. Nb5 {[%emt 0:05:20]} Qa1+ {[%emt 0:00:34]} 40. Kg2 {[%emt 0:00:00]} Qb2+ {[%emt 0:00:00]} 41. Kh3 {[%emt 0:02:22]} Bb4 {[%emt 0:05:39]} 42. Nd6 {[%emt 0:07:11]} Bxd6 {[%emt 0:00:19]} 43. Qxd6 {[%emt 0:00:19]} Qe2 {[%emt 0:00:43]} 44. Qf4 {[%emt 0:01:42]} Qf1+ {[%emt 0:01:27]} 45. Kg3 {[%emt 0:00:20]} Qe1+ {[%emt 0:00:59]} 46. Bf2 {[%emt 0:00:20]} Qe6 {[%emt 0:00:30]} 47. Qe5 {[%emt 0:00:37]} Qxe5+ {[%emt 0:00:50]} 48. dxe5 {[%emt 0:00:14]} Ne7 {[%emt 0:00:36]} 49. Bc5 {[%emt 0:00:37]} Nd5 {[%emt 0:00:49]} 50. f4 {[%emt 0:04:04]} Kg8 {[%emt 0:00:50]} 51. e6 {[%emt 0:00:56]} Nc7 {[%emt 0:01:54]} 52. f5 {[%emt 0:00:11]} Ne8 {[%emt 0:00:49]} 53. Kf4 {[%emt 0:03:17]} g6 {[%emt 0:02:45]} 54. Ke5 {[%emt 0:00:11]} Kg7 {[%emt 0:00:32]} 55. Be7 {[%emt 0:00:10]} gxf5 {[%emt 0:01:40]} 56. gxf5 {[%emt 0:00:14]} h5 {[%emt 0:00:22]} 57. f6+ {[%emt 0:00:11]} Nxf6 {[%emt 0:00:12]} 58. Bxf6+ {[%emt 0:00:10]} Kf8 {[%emt 0:00:11]} 59. Kd6 {[%emt 0:00:23]} Ke8 {[%emt 0:00:25]} 60. Bh4 {[%emt 0:00:19]} Kf8 {[%emt 0:00:54]} 61. Kd7 {[%emt 0:00:15]} Kg7 {[%emt 0:00:10]} 62. e7 {[%emt 0:00:57]} Kg6 {[%emt 0:00:08]} 63. e8=Q+ {[%emt 0:00:12]} Kf5 {[%emt 0:00:09]} 64. Qe3 {[%emt 0:00:39]} Kg4 {[%emt 0:00:12]} 65. Qg3+ {[%emt 0:00:17]} Kf5 {[%emt 0:00:08]} 66. Qf3+ {[%emt 0:00:55]} Ke5 {[%emt 0:00:03]} 67. Bf6# {[%emt 0:00:22]} 1-0

[Event "IIFL Wealth  4th Mumbai Junior U-13"]
[Site "Mumbai"]
[Date "2018.12.31"]
[Round "2"]
[White "Marium Fatima"]
[Black "Keerthana B"]
[Result "1-0"]
[WhiteElo "1494"]
[BlackElo "1232"]
[Annotator "NA RC"]
[PlyCount "77"]
[EventDate "2018.12.30"]
[EventType "swiss"]
[EventCountry "IND"]
[SourceTitle "playchess.com"]
[Source "ChessBase"]
[SourceQuality "1"]
[TimeControl "40/5400+30:1800+30"]

1. d4 {[%emt 0:00:00]} d5 {[%emt 0:00:00]} 2. Nf3 {[%emt 0:00:00]} Nf6 {[%emt 0:00:00]} 3. g3 {[%emt 0:00:00]} e6 {[%emt 0:00:13]} 4. Bg2 {[%emt 0:00:00]} Nbd7 {[%emt 0:00:25]} 5. O-O {[%emt 0:00:05]} Be7 {[%emt 0:00:30]} 6. b3 {[%emt 0:00:07]} b6 {[%emt 0:01:02]} 7. Bb2 {[%emt 0:00:06]} Bb7 {[%emt 0:00:26]} 8. Nbd2 {[%emt 0:00:09]} O-O {[%emt 0:01:00]} 9. c4 {[%emt 0:00:05]} c5 {[%emt 0:06:01]} 10. Rc1 {[%emt 0:00:11]} Rc8 {[%emt 0:03:10]} 11. Ne5 {[%emt 0:08:02]} cxd4 {[%emt 0:08:48]} 12. Bxd4 {[%emt 0:00:21]} Nxe5 {[%emt 0:03:00]} 13. Bxe5 {[%emt 0:00:07]} Qd7 {[%emt 0:01:32]} 14. Bxf6 {[%emt 0:09:19]} Bxf6 {[%emt 0:00:20]} 15. Ne4 {[%emt 0:02:15]} Be7 {[%emt 0:03:21]} 16. Nc3 {[%emt 0:02:16]} Rfd8 {[%emt 0:03:56]} 17. cxd5 {[%emt 0:01:21]} exd5 {[%emt 0:00:41]} 18. Nxd5 {[%emt 0:07:05]} Rxc1 {[%emt 0:02:36]} 19. Nxe7+ {[%emt 0:00:11]} Qxe7 {[%emt 0:00:18]} 20. Qxc1 {[%emt 0:00:12]} Bxg2 {[%emt 0:00:36]} 21. Kxg2 {[%emt 0:00:10]} Qxe2 {[%emt 0:02:49]} 22. Qc7 {[%emt 0:00:28]} Re8 {[%emt 0:00:53]} 23. Qxa7 {[%emt 0:00:58]} h6 {[%emt 0:01:17]} 24. Qxb6 {[%emt 0:01:27]} Qxa2 {[%emt 0:01:00]} 25. Qb7 {[%emt 0:01:45]} Re2 {[%emt 0:01:39]} 26. Qc8+ {[%emt 0:01:41]} Kh7 {[%emt 0:01:27]} 27. Qf5+ {[%emt 0:00:06]} Kg8 {[%emt 0:00:07]} 28. Rc1 {[%emt 0:01:36]} g6 {[%emt 0:03:34]} 29. Rc8+ {[%emt 0:00:26]} Kg7 {[%emt 0:00:09]} 30. Qf3 {[%emt 0:00:27]} Re6 {[%emt 0:02:44]} 31. Qc3+ {[%emt 0:02:20]} Rf6 {[%emt 0:00:33]} 32. Qc5 {[%emt 0:00:22]} g5 {[%emt 0:01:30]} 33. g4 {[%emt 0:03:27]} Rf4 {[%emt 0:03:19]} 34. Qf8+ {[%emt 0:00:11]} Kg6 {[%emt 0:00:19]} 35. Qg8+ {[%emt 0:00:21]} Kf6 {[%emt 0:00:35]} 36. Qh8+ {[%emt 0:00:07]} Ke7 {[%emt 0:01:19]} 37. Qd8+ {[%emt 0:00:14]} Ke6 {[%emt 0:00:28]} 38. Rc6+ {[%emt 0:00:09]} Ke5 {[%emt 0:00:31]} 39. Qd6+ {[%emt 0:00:06]} 1-0

[Event "IIFL Wealth  4th Mumbai Junior U-13"]
[Site "Mumbai"]
[Date "2018.12.31"]
[Round "2"]
[White "Balkawade Sai"]
[Black "Vegi Bhavishnu Sai Sivaji"]
[Result "1-0"]
[WhiteElo "1482"]
[BlackElo "1225"]
[Annotator "NA RC"]
[PlyCount "119"]
[EventDate "2018.12.30"]
[EventType "swiss"]
[EventCountry "IND"]
[SourceTitle "playchess.com"]
[Source "ChessBase"]
[SourceQuality "1"]
[TimeControl "40/5400+30:1800+30"]

1. e4 {[%emt 0:00:00]} c5 {[%emt 0:00:00]} 2. Nf3 {[%emt 0:00:00]} d6 {[%emt 0:00:00]} 3. d4 {[%emt 0:00:00]} cxd4 {[%emt 0:00:00]} 4. Nxd4 {[%emt 0:00:00]} Nf6 {[%emt 0:00:04]} 5. Nc3 {[%emt 0:00:00]} g6 {[%emt 0:00:07]} 6. Be3 {[%emt 0:00:31]} Bg7 {[%emt 0:00:16]} 7. f3 {[%emt 0:00:09]} O-O {[%emt 0:00:04]} 8. Qd2 {[%emt 0:00:10]} Nc6 {[%emt 0:00:16]} 9. O-O-O {[%emt 0:00:38]} Nxd4 {[%emt 0:02:32]} 10. Bxd4 {[%emt 0:00:16]} Be6 {[%emt 0:00:12]} 11. Kb1 {[%emt 0:01:46]} Qc7 {[%emt 0:01:11]} 12. Nd5 {[%emt 0:05:26]} Bxd5 {[%emt 0:01:12]} 13. exd5 {[%emt 0:00:11]} Rac8 {[%emt 0:01:53]} 14. Rc1 {[%emt 0:02:44]} a6 {[%emt 0:00:50]} 15. g4 {[%emt 0:02:23]} b5 {[%emt 0:02:41]} 16. Bh3 {[%emt 0:09:47]} Rb8 {[%emt 0:03:18]} 17. g5 {[%emt 0:09:15]} Nd7 {[%emt 0:06:02]} 18. Bxd7 {[%emt 0:06:00]} Qxd7 {[%emt 0:00:43]} 19. Bxg7 {[%emt 0:00:26]} Kxg7 {[%emt 0:00:14]} 20. Qd4+ {[%emt 0:00:16]} Kg8 {[%emt 0:00:24]} 21. h4 {[%emt 0:15:04]} Rfc8 {[%emt 0:02:13]} 22. b3 {[%emt 0:09:06]} Qf5 {[%emt 0:10:16]} 23. h5 {[%emt 0:22:09]} Rc5 {[%emt 0:11:33]} 24. hxg6 {[%emt 0:02:04]} fxg6 {[%emt 0:00:30]} 25. Rxh7 {[%emt 0:01:13]} Qe5 {[%emt 0:03:47]} 26. Qxe5 {[%emt 0:03:12]} dxe5 {[%emt 0:00:08]} 27. Rxe7 {[%emt 0:00:31]} Rxd5 {[%emt 0:00:29]} 28. Re6 {[%emt 0:06:18]} Kf7 {[%emt 0:00:38]} 29. Rxa6 {[%emt 0:00:26]} Rc8 {[%emt 0:02:21]} 30. Rf6+ {[%emt 0:01:24]} Kg7 {[%emt 0:00:20]} 31. Kb2 {[%emt 0:00:46]} Rdc5 {[%emt 0:00:11]} 32. Rd6 {[%emt 0:00:55]} Kf7 {[%emt 0:03:32]} 33. b4 Rc4 {[%emt 0:01:24]} 34. a3 {[%emt 0:02:29]} Rd4 {[%emt 0:07:02]} 35. Rxd4 {[%emt 0:00:43]} exd4 {[%emt 0:01:15]} 36. Rd1 {[%emt 0:00:23]} Rc4 {[%emt 0:01:02]} 37. Rd3 {[%emt 0:00:29]} Ke6 {[%emt 0:00:17]} 38. c3 {[%emt 0:00:43]} dxc3+ {[%emt 0:01:10]} 39. Rxc3 {[%emt 0:00:03]} Kd5 {[%emt 0:01:59]} 40. Rxc4 {[%emt 0:00:00]} Kxc4 {[%emt 0:00:00]} 41. Kc2 {[%emt 0:03:24]} Kd4 {[%emt 0:01:14]} 42. Kd2 {[%emt 0:01:42]} Kc4 {[%emt 0:01:34]} 43. f4 {[%emt 0:01:56]} Kd4 {[%emt 0:01:03]} 44. f5 {[%emt 0:00:27]} Ke5 {[%emt 0:00:41]} 45. f6 {[%emt 0:00:44]} Ke6 {[%emt 0:00:12]} 46. Kc3 {[%emt 0:00:07]} Kf7 {[%emt 0:00:12]} 47. a4 {[%emt 0:00:06]} bxa4 {[%emt 0:00:10]} 48. b5 {[%emt 0:00:02]} a3 {[%emt 0:00:13]} 49. Kb3 {[%emt 0:00:22]} Ke6 {[%emt 0:00:37]} 50. Kxa3 {[%emt 0:00:11]} Kf7 {[%emt 0:00:20]} 51. b6 {[%emt 0:00:02]} Ke6 {[%emt 0:00:12]} 52. b7 {[%emt 0:00:05]} Kf7 {[%emt 0:00:33]} 53. b8=Q {[%emt 0:00:10]} Ke6 54. Qe8+ Kf5 {[%emt 0:01:05]} 55. f7 {[%emt 0:00:39]} Kg4 {[%emt 0:00:24]} 56. f8=Q {[%emt 0:00:18]} Kg3 {[%emt 0:00:09]} 57. Qe5+ {[%emt 0:00:19]} Kg2 {[%emt 0:00:29]} 58. Qh6 {[%emt 0:00:55]} Kg1 {[%emt 0:00:26]} 59. Qhh2+ {[%emt 0:00:09]} Kf1 {[%emt 0:00:17]} 60. Qa1# {[%emt 0:00:09]} 1-0

[Event "IIFL Wealth  4th Mumbai Junior U-13"]
[Site "Mumbai"]
[Date "2018.12.31"]
[Round "2"]
[White "Adireddy Arjun"]
[Black "Srihari L R"]
[Result "0-1"]
[WhiteElo "1468"]
[BlackElo "2316"]
[Annotator "TA"]
[PlyCount "80"]
[EventDate "2018.12.30"]
[EventType "swiss"]
[EventCountry "IND"]
[SourceTitle "playchess.com"]
[Source "ChessBase"]
[SourceQuality "1"]

{[%evp 19,80,57,53,-16,-20,-20,0,-50,-45,-51,-50,-66,-56,-82,-88,-101,-66,-97,-94,-104,-97,-92,-77,-133,-136,-138,-143,-151,-126,-149,-163,-174,-92,-103,-96,-95,-97,-93,-78,-110,-110,-358,-350,-400,-394,-393,-384,-378,-390,-454,-455,-559,-560,-554,-553,-548,-540,-637,-650,-656,-648,-1077,-1074]} 1. e4 g6 2. d4 Bg7 3. Nf3 d6 4. Nc3 a6 5. a4 b6 6. Bc4 e6 7. Bf4 {B06: Modern Defence} Ne7 8. Qd2 h6 9. O-O Bb7 10. Be3 Nd7 {LiveBook: 43 Games} 11. g3 $146 (11. Rfe1 $14) ({Predecessor:} 11. h3 Nf6 12. d5 e5 13. Nh2 g5 14. Rfe1 Ng6 {½-½ (43) Miljkovic,M (2483)-Dreev,A (2634) Kraljevo 2015}) 11... Nf6 $1 $11 12. d5 Qd7 13. Ne1 exd5 14. exd5 Nf5 15. Ng2 O-O 16. Rae1 Ng4 17. Kh1 Nfxe3 18. fxe3 Bxc3 19. Qxc3 Qxa4 20. Be2 {And now Rf4 would win.} Ne5 ({Weaker is} 20... Bxd5 21. Rf4 $14) 21. Qxc7 (21. Rd1 $142) 21... Bxd5 $17 22. Qxd6 Qe4 {[%csl Gd5][%cal Re4g2]} 23. Rf2 Qxe3 24. Ref1 Qd4 $40 {[%mdl 128] ...Bxg2+ is the strong threat. Black has strong attack.} 25. Qf6 Nc6 ({Black should play} 25... Qxb2 $19 26. c4 Nxc4) 26. Qxd4 Nxd4 27. Bd3 b5 28. Kg1 Ne6 29. Ne3 {[#]} Bb7 $1 {Strongly threatening ...Ng5.} 30. Ng4 $2 {[#]} (30. Ng2 $17 {was worth a try.}) 30... Ng5 $1 $19 {[%cal Rg5h3]} 31. h4 Nh3+ {[%mdl 64] Double Attack} 32. Kh2 {aiming for Nf6+.} Nxf2 33. Rxf2 Kg7 34. Ne5 Rae8 {Black is clearly winning.} 35. Nd7 {[#]} Re1 $1 {[%csl Gb7][%cal Re1h1]} 36. g4 Rfe8 37. Nc5 Bc8 38. g5 hxg5 39. hxg5 R1e5 40. Rg2 Rxc5 {Accuracy: White = 16%, Black = 80%.} 0-1

[Event "IIFL Wealth  4th Mumbai Junior U-13"]
[Site "Mumbai"]
[Date "2018.12.31"]
[Round "2"]
[White "Varshita Jain"]
[Black "Aaryan Varshney"]
[Result "0-1"]
[WhiteElo "1461"]
[BlackElo "2200"]
[Annotator "TA"]
[PlyCount "78"]
[EventDate "2018.12.30"]
[EventType "swiss"]
[EventCountry "IND"]
[SourceTitle "playchess.com"]
[Source "ChessBase"]
[SourceQuality "1"]

{[%evp 17,78,-10,0,-16,-10,-10,-19,-26,-33,-40,-35,-41,-35,-47,-47,-52,-47,-178,-175,-158,-156,-272,-278,-359,-327,-316,-215,-200,-206,-247,-263,-230,-255,-294,-295,-270,-266,-415,-415,-415,-415,-400,-392,-420,-439,-422,-422,-684,-676,-960,-951,-958,-935,-958,-956,-928,-920,-881,-842,-29979,-29980,-29987,-29988]} 1. e4 c5 2. Nf3 d6 3. d4 cxd4 4. Nxd4 Nf6 5. Nc3 a6 6. Be2 e5 7. Nf3 Be7 8. Bg5 Nbd7 9. O-O O-O {LiveBook: 9 Games} 10. h3 {B92: Sicilian Najdorf: 6 Be2} (10. Re1 b5 11. a4 bxa4 12. Rxa4 Nc5 13. Rc4 Be6 14. Nd5 Nxd5 15. exd5 Bd7 16. Be3 Na4 17. Rb4 f5 {1-0 (34) Alekseenko,K (2609)-Aryan,C (2509) Moscow 2018}) 10... h6 11. Bh4 b5 $146 ({Predecessor:} 11... Qc7 12. Nh2 b5 13. Ng4 Bb7 14. a3 Rfe8 15. Bxf6 Bxf6 16. Nxf6+ Nxf6 17. Qd3 Rad8 {1-0 (44) Marszk,K (2102)-Dombrowski,B (1977) Gdansk 2008}) 12. Bxf6 {The position is equal.} Nxf6 13. a3 Bb7 14. Bd3 Rc8 15. Nd2 Qc7 16. Rc1 Rfd8 17. Ne2 ({White should try} 17. Re1 $15) 17... d5 $19 18. exd5 Bxd5 {And now ...e4 would win.} 19. Nc3 {[#]} (19. Bf5 $17 {is a better defense.}) 19... e4 $1 {[%mdl 512]} 20. Be2 (20. Ncxe4 Nxe4) 20... Qf4 21. g3 Qf5 22. Bg4 Nxg4 23. Qxg4 Qxg4 24. hxg4 {[#]} Bxa3 $1 {[%mdl 512]} 25. Nxd5 (25. bxa3 Rxc3) 25... Rxd5 26. bxa3 Rxd2 27. Rfd1 (27. c4 $142) 27... Rcxc2 28. Rxc2 Rxd1+ {[%mdl 4096] Endgame KR-KR} ({Less strong is} 28... Rxc2 29. Rd4 $19) 29. Kg2 Rd3 30. Ra2 e3 31. fxe3 Rxe3 32. a4 (32. Kf2 $142 Re4 33. g5) 32... b4 33. Rc2 Ra3 34. Rc8+ Kh7 35. Rc7 f6 36. Rb7 Rxa4 37. Kf3 a5 38. Ke4 b3+ 39. Kf5 Rb4 {Accuracy: White = 29%, Black = 87%.} 0-1

[Event "IIFL Wealth  4th Mumbai Junior U-13"]
[Site "Mumbai"]
[Date "2018.12.31"]
[Round "2"]
[White "Laddha, Yash Jayesh"]
[Black "Nikhil Magizhnan"]
[Result "0-1"]
[WhiteElo "1449"]
[BlackElo "2148"]
[Annotator "TA"]
[PlyCount "106"]
[EventDate "2018.12.30"]
[EventType "swiss"]
[EventCountry "IND"]
[SourceTitle "playchess.com"]
[Source "ChessBase"]
[SourceQuality "1"]

{[%evp 23,106,0,8,-5,0,-47,-29,-59,0,-85,-85,-91,-91,-103,-85,-223,-216,-215,-207,-237,-232,-293,-275,-292,-150,-1021,-977,-1142,-1110,-1006,-537,-514,-352,-564,-577,-563,-562,-586,-583,-583,-582,-579,-579,-597,-590,-590,-586,-774,-825,-815,-815,-777,-786,-803,-787,-1111,-683,-5518,-5418,-29967,-29968,-29967,-29969,-29966,-29967,-29969,-29970,-29980,-29981,-29981,-29981,-29979,-29980,-29980,-29980,-29980,-29981,-29981,-29982,-29984,-29984,-29985,-29986,-29986,-29987]} 1. d4 Nf6 2. c4 e6 3. Nc3 Bb4 4. Qc2 d5 5. cxd5 exd5 6. e3 O-O 7. Nf3 c5 8. dxc5 Nc6 9. Be2 Bxc5 10. O-O Nb4 11. Qd1 Bf5 12. Bd2 Nc6 13. Na4 {D32: Tarrasch Defence: Sidelines and lines without g3} Bd6 14. h3 $146 ({Predecessor:} 14. Nd4 Nxd4 15. exd4 Qc7 16. Rc1 Bxh2+ 17. Kh1 Qb8 18. f4 Bg3 19. Rf3 Ne4 20. Kg1 Qd6 21. Nc5 Qh6 22. Rxg3 Nxg3 23. Nxb7 Qh1+ 24. Kf2 Ne4+ 25. Kf3 Nxd2+ 26. Qxd2 Be4+ {0-1 (24) Looij,G (1738)-Braun,C (2335) Belgium 2009}) 14... Qe7 15. Nd4 {Black has an edge.} Be4 (15... Nxd4 $15 16. exd4 Rac8) 16. Bf3 (16. Rc1 $11 {keeps the balance.}) 16... Qe5 $17 {[%csl Gd6][%cal Re5h2]} 17. g3 Nxd4 18. exd4 Qxd4 19. Bg2 (19. Be3 $17 {was necessary.} Qxd1 20. Bxd1) 19... Bxg2 $19 20. Kxg2 Qe4+ $1 21. f3 {[#]} Qg6 $1 {[%cal Rg6g3]} 22. f4 Rfe8 23. Rf3 {[#]} Qf5 (23... d4 $1 $19 {Strongly threatening ...b5.} 24. b3 Nd5) 24. Qb1 $2 (24. Be3 $17) 24... Re2+ {[%mdl 64] Double Attack} 25. Rf2 Rxf2+ 26. Kxf2 Ne4+ 27. Kg2 Qg6 28. Qe1 $2 (28. Be1 d4 29. b4) 28... Nxd2 {[%mdl 64] Overworked Piece} 29. Qxd2 Qe4+ {[%mdl 64] Double Attack} 30. Kh2 Qxa4 31. Qxd5 Qc2+ 32. Qg2 Rc8 33. Rf1 Qxg2+ 34. Kxg2 {[%mdl 4096] Endgame KRB-KR} Rc2+ 35. Rf2 Rxf2+ 36. Kxf2 {KB-KP} f5 37. Ke3 Bc5+ 38. Ke2 Kf7 39. g4 Kf6 40. b3 g5 41. Kf3 gxf4 {Black mates.} 42. Kxf4 Bd6+ 43. Kf3 Kg5 44. gxf5 Kxf5 {KB-K3P} 45. a4 a5 46. Ke3 Ke5 47. Kd3 Kd5 48. Kc3 Be5+ 49. Kd3 Kc5 50. Ke4 Bb2 51. Kf5 Kb4 52. Kg5 Kxb3 53. Kh6 Kxa4 {Accuracy: White = 15%, Black = 70%.} 0-1

[Event "IIFL Wealth  4th Mumbai Junior U-13"]
[Site "Mumbai"]
[Date "2018.12.31"]
[Round "2"]
[White "Kriti Mayur Patel"]
[Black "Manish Anto Cristiano F"]
[Result "0-1"]
[WhiteElo "1439"]
[BlackElo "2065"]
[Annotator "NA RC"]
[PlyCount "67"]
[EventDate "2018.12.30"]
[EventType "swiss"]
[EventCountry "IND"]
[SourceTitle "playchess.com"]
[Source "ChessBase"]
[SourceQuality "1"]
[TimeControl "40/5400+30:1800+30"]

1. e4 {[%emt 0:00:00]} e6 {[%emt 0:00:07]} 2. d4 {[%emt 0:00:00]} d5 {[%emt 0:00:11]} 3. Nc3 {[%emt 0:00:00]} Nf6 {[%emt 0:00:16]} 4. f4 {[%emt 0:00:00]} Nfd7 {[%emt 0:00:30]} 5. Nf3 {[%emt 0:00:19]} c5 {[%emt 0:00:28]} 6. Be3 {[%emt 0:00:49]} Nc6 {[%emt 0:00:30]} 7. Be2 {[%emt 0:00:23]} Be7 {[%emt 0:01:32]} 8. O-O {[%emt 0:00:27]} O-O {[%emt 0:02:07]} 9. e5 {[%emt 0:00:30]} b6 {[%emt 0:00:30]} 10. Qd2 {[%emt 0:03:48]} f5 {[%emt 0:01:27]} 11. Ng5 {[%emt 0:05:35]} (11. Rfd1 $11) 11... Bxg5 $1 {[%emt 0:17:27]} ({But not} 11... Nxd4 $2 {[#]} 12. Nxe6 $1 {[%mdl 576] Decoy} Nxe6 13. Qxd5 $18 {[%mdl 64] Double Attack}) 12. fxg5 {[%emt 0:00:39]} cxd4 {[%emt 0:06:34]} 13. Bxd4 {[%emt 0:03:21]} Ndxe5 {[%emt 0:02:01]} 14. Bxe5 {[%emt 0:06:46]} Nxe5 {[%emt 0:02:14]} 15. Rae1 {[%emt 0:01:27]} Nf7 {[%emt 0:08:18]} 16. h4 {[%emt 0:01:27]} Nd6 {[%emt 0:02:44]} 17. Qf4 {[%emt 0:07:06]} Bb7 {[%emt 0:01:34]} (17... Qc7 $17 18. h5 Qc5+ 19. Kh2 Ne4 20. Nxe4 dxe4) 18. h5 {[%emt 0:02:47]} Qe7 {[%emt 0:02:58]} 19. g6 {[%emt 0:05:59]} e5 {[%emt 0:05:32]} 20. Qg3 {[%emt 0:14:23]} h6 {[%emt 0:01:42]} 21. Bd1 {[%emt 0:03:40]} (21. Qd3 $142) 21... Rae8 {[%emt 0:01:42]} 22. Ne2 {[%emt 0:06:48]} Ne4 {[%emt 0:01:37]} 23. Qd3 {[%emt 0:01:47]} (23. Qa3 $142) 23... Qg5 $19 {[%emt 0:02:21]} 24. Nc3 {[%emt 0:02:46]} Nc5 {[%emt 0:01:22]} 25. Qh3 {[%emt 0:01:08]} a6 {[%emt 0:08:12]} 26. a3 {[%emt 0:03:29]} d4 {[%emt 0:00:15]} 27. Ne2 {[%emt 0:00:27]} f4 {[%emt 0:03:59]} 28. Kh2 {[%emt 0:00:44]} Bc8 {[%emt 0:00:36]} 29. Qf3 {[%emt 0:00:38]} e4 {[%emt 0:00:14]} 30. Qf2 {[%emt 0:00:08]} Qxh5+ {[%emt 0:00:41]} 31. Kg1 {[%emt 0:00:14]} e3 {[%emt 0:04:10]} 32. Qf3 {[%emt 0:01:23]} Bg4 {[%emt 0:00:57]} 33. Qc6 {[%emt 0:00:32]} f3 {[%emt 0:03:23]} 34. Qd6 {[%emt 0:00:20]} 0-1